banner-ar

مجموعة خطب وتصريحات وبيانات الرئيس جمال عبدالناصر القسم الثانى ج1 فبراير 1958 - يناير 1960 ج2 فبراير 1960 - يناير 1962 (هدية من الاديب عبدالفتاح الجمل) / (Record no. 38753)

MARC details
000 -الفاتح
حقل البيانات ثابتة الطول 00913nam a2200217Ia 4500
008 - عناصر البيانات ثابتة الطول - معلومات عامة
حقل البيانات ثابتة الطول 140319s9999 xx 000 0 ara d
040 ## - مصدر الفهرسة
وكالة الفهرسة الأصلية GCL /
وكالة النسخ GCL
082 04 - رقم تصنيف ديوى العشرى
رقم التصنيف ق
رقم المادة 808.51
-- م م
100 1# - المدخل الرئيسى - إسم شخصى
الإسم الشخصى جمال عبدالناصر
245 10 - بيان العنوان
العنوان مجموعة خطب وتصريحات وبيانات الرئيس جمال عبدالناصر القسم الثانى ج1 فبراير 1958 - يناير 1960 ج2 فبراير 1960 - يناير 1962 (هدية من الاديب عبدالفتاح الجمل) /
بيان المسئوليه,etc جمال عبدالناصر
700 1# - المدخل الاضافى - اسم شخصى
الإسم الشخصى مصلحة الاستعلامات
300 ## - الوصف المادى
التعداد 722 ص ؛
أبعاد الوعاء 30سم
650 04 - المدخل الاضافى بالموضوع-مصطلح موضوعى
مصطلح موضوعي مصر
650 04 - المدخل الاضافى بالموضوع-مصطلح موضوعى
مصطلح موضوعي العلاقات الخارجية
650 04 - المدخل الاضافى بالموضوع-مصطلح موضوعى
مصطلح موضوعي خطب وتصريحات
650 04 - المدخل الاضافى بالموضوع-مصطلح موضوعى
مصطلح موضوعي الخطب السياسية
650 04 - المدخل الاضافى بالموضوع-مصطلح موضوعى
مصطلح موضوعي جمال عبدالناصر
942 ## - عناصر المدخل الإضافي( كوها)
مصدر التصنيف او مخطط الترفيف Dewey Decimal Classification
Koha [default] item type كتاب
260 ## - PUBLICATION, DISTRIBUTION, ETC. (IMPRINT)
-- القاهرة :
-- مصلحة الاستعلامات
Holdings
حالة التراجع حالة الفقد حالة تلف ليس للاعارة المكان المؤقت الموقع الحالى تاريخ الاكتساب اجمالي اﻻعارات رقم الطلب الباركود تاريخ اخر مشاهدة تاريخ تفعيل السعر نوع وعاء كوها
        مكتبة القاهرة الكبرى مكتبة القاهرة الكبرى 03/26/2014   ق\808.51\م م 94449 03/26/2014 03/26/2014 كتاب
        مكتبة القاهرة الكبرى مكتبة القاهرة الكبرى 03/26/2014   ق\808.51\م م 94450 03/26/2014 03/26/2014 كتاب
        مكتبة القاهرة الكبرى مكتبة القاهرة الكبرى 03/26/2014   ق\808.51\م م 94451 03/26/2014 03/26/2014 كتاب
        مكتبة القاهرة الكبرى مكتبة القاهرة الكبرى 03/26/2014   ق\808.51\م م 94452 03/26/2014 03/26/2014 كتاب
        مكتبة القاهرة الكبرى مكتبة القاهرة الكبرى 03/26/2014   ق\808.51\م م 94453 03/26/2014 03/26/2014 كتاب

Powered By

EGPV